Joueurs français ayant joué à l'Inter Milan - Statistiques

Statistiques générales
  • Ce quiz a été pris 53 fois
  • Le résultat moyen est 5 sur 27
Statistiques - réponses
Année d'arrivée Année de départ Club précédant Club suivant Nombre de match Joueurs % Correct
2023 En cours Borussia Mönchengladbach En cours 132 Marcus Thuram
98%
2023 En cours Bayern Munich En cours 70 Benjamin Pavard
82%
2006 2010 Juventus Turin Manchester City 91 Patrick Vieira
48%
1996 1999 Paris Saint-Germain FC Kaiserslautern 127 Youri Djorkaeff
46%
1999 2001 Olympique de Marseille Manchester United 86 Laurent Blanc
42%
2025 En cours RC Lens En cours 22 Andy Diouf
26%
2006 2011 Inter Primavera Sampdoria Gênes 50 Jonathan Biabiany
22%
2019 2024 FC Sochaux-Montbéliard Séville FC 4 Lucien Agoumé
18%
1998 2001 AS Cannes Parma Calcio 1913 47 Sébastien Frey
18%
2017 2020 SM Caen Parma Calcio 1913 18 Yann Karamoh
18%
1997 2001 Paris Saint-Germain Torino FC 147 Benoît Cauet
16%
1998 1999 Stade Rennais FC Manchester United 31 Mikaël Silvestre
16%
2006 2009 AS Roma Standard de Liège 51 Olivier Dacourt
16%
2001 2005 Paris Saint-Germain Racing Santander 66 Stéphane Dalmat
12%
2003 2005 Parma Calcio 1913 Olympique de Marseille 26 Sabri Lamouchi
8%
2014 2015 Rubin Kazan Rubin Kazan 14 Yann M'Vila
8%
2024 En cours Inter Primavera En cours 1 Issiaka Kamate
6%
2014 2021 Red Star U19 Etoile Rouge de Belgrade 1 Axel Bakayoko
4%
2003 2004 Olympique Lyonnais Real Sociedad 14 Jérémie Bréchet
4%
1997 1998 Olympique Alès Etoile FC Fréjus Saint-Raphaël 0 Misha Djorkaeff
4%
1998 1999 Stade Rennais FC Parma Calcio 1913 18 Ousmane Dabo
4%
2026 En cours Modena FC En cours 0 Yanis Massolin
4%
1998 2000 AS Saint-Etienne Olympique de Marseille 2 Zoumana Camara
2%
1953 1955 OGC Nice FC Bologna 25 Antoine Bonifaci
0%
2016 2016 Inter Formation Paris FC B 0 Dylan Alexis Romney
0%
2000 2003 Montpellier Hérault SC Venezia FC 0 Julien Brellier
0%
2003 2006 Inter Primavera Lucchese 0 Mathieu Moreau
0%
Aucun quiz correspondant
Distribution des résultats
% des personnes avec chaque résultat
Percentile par nombre de réponses
Votre historique - résultats
Vous n’avez pas pris ce quiz